000 01148nam a2200229Ia 4500
003 Ost
005 20260507075343.0
008 260507s9999||||xx |||||||||||||| ||und||
020 _a94212299579
040 _cfsecg
041 _aara
082 _a330
100 _aبن قانة، اسماعيل محمد
_eمؤلف
245 0 _aإقتصاد التنمية :
_bنظريات- نماذج- استراتيجيات /
_c اسماعيل محمد بن قانة
260 _aعمان:
_bدار أسامة للنشر والتوزيع,
_c2011
300 _a360 صفحة؛
_bإيضاحات ؛
_c24 سم
520 _aإقتصاد التنمية، المفاهيم وبدايات الإهتمام الأولى- نظريات التنمية ونماذج النمو- خيارات التنمية وتحول مفهومها في الفكر الإقتصادي المعاصر- المشكلات والسياسات التنموية- تمويل وتخطيط التنمية الإقتصادية
653 _aالإقتصاد التنمية
653 _aالتنمية الإجتماعية
653 _aالتنمية الإقتصادية
942 _cكتاب
999 _c44102
_d44102